Restaurants de fiction - Statistiques

Statistiques générales
  • Ce quiz a été pris 26 fois
  • Le résultat moyen est 7 sur 35
Statistiques - réponses
Restaurant de fiction Univers % Correct
Chez Gusteau Ratatouille
88%
Krusty Burger Les Simpson
85%
Crabe Croustillant Bob l'éponge
81%
Pizza Planet Toy Story
62%
Los Pollos Hermanos Breaking Bad
50%
Ichiraku Ramen Naruto
50%
Baratie One Piece
42%
Tiana's Palace La Princesse et la Grenouille
38%
Pizzeria Scavo Desperate Housewives
23%
Chez Kombu Pokémon Ecarlate et Violet
23%
Restaurant Yukihira Food Wars
19%
Chez Tony La Belle et le Clochard
15%
Chez Septime Le Grand Restaurant
15%
La cuisine raffinée d'Elzar Futurama
12%
Planète Akillian Galactik Football
8%
Luke's Diner Gilmore Girls
8%
Cluckin' Bell Grand Theft Auto
8%
Two Wales Diner Life Is Strange
8%
8-Island Fairy Tail
4%
Meshidokoro Gohan Hunter X Hunter
4%
Mr. Cluck's Chicken Shack Lost
4%
Mammouth Grill One Punch Man
4%
Restaurant de l'Hôtel Gourmet Toriko
4%
Doublemeat Palace Buffy contre les Vampires
0%
Trattoria Trussardi Jojo's Bizarre Adventure: Diamond is Unbreakable
0%
Winston's Steakhouse Jurassic World
0%
Klow Les Aventures de Tintin
0%
Les Colonnades Les Feux de l'Amour
0%
Satriale's Les Soprano
0%
Jack Rabbit Slim's Pulp Fiction
0%
Restaurant de Pibich The Legend of Zelda: Tears of the Kingdom
0%
The Lodge Twilight
0%
Double R Diner Twin Peaks
0%
Quinkie's Watch Dogs
0%
Yukimura Diner YuYu Hakusho
0%
Aucun quiz correspondant
Distribution des résultats
% des personnes avec chaque résultat
Percentile par nombre de réponses
Votre historique - résultats
Vous n’avez pas pris ce quiz